000 00894nam a2200217 a 4500
008 120416s1987 ||||||||||||||||| || u
020 _a0631156577
050 _aSD 431 Wes
100 _aWestoby, Jack C
245 1 4 _aThe purpose of forests
246 _afollies of development
260 _aOxford
_bB. Blackwell
_c1987.
300 _axiii, 343p. : ill.
350 _a0.00
500 _aBibliography.
650 _aFOREST PRODUCTS INDUSTRY
650 0 _aFORESTS AND FORESTRY--ECONOMIC ASPECTS
650 0 _aECONOMIC DEVELOPMENT--AFRICA, SUB-SAHARAN
995 _aMAIN LIBRARY OPEN ACCESS
_D0.00
_e712293
_FCBU-MAIN LIBRARY (Kitwe)
_H1
_I38.00
_jSD 431 Wes
_M1
_UAVAILABLE
_y013356
_ZMain Library Open Access Collection
995 _aMAIN LIBRARY OPEN ACCESS
_D0.00
_e712292
_FCBU-MAIN LIBRARY (Kitwe)
_H2
_I38.00
_jSD 431 Wes
_M2
_UAVAILABLE
_WMay 29, 2006
_y013357
_ZMain Library Open Access Collection
999 _c79873
_d79873